| 000 | 01004nac a22003730a 4500 | ||
|---|---|---|---|
| 001 | PT19795 | ||
| 003 | AR-LpoUNG | ||
| 005 | 20210201005103.0 | ||
| 008 | 201001s1999||||ag |||||||||||||||||spa d | ||
| 020 |
_a9875030422 _c$1.08 |
||
| 040 |
_aAR-LpoUNG _bspa _eaacr |
||
| 041 | _aspa | ||
| 044 | _aag | ||
| 082 | 0 | _a982 545v13 | |
| 100 | 1 | _aBertoni, Lilia Ana | |
| 245 | 1 | 0 | _aEntre dictaduras y democracias |
| 260 |
_aBuenos Aires : _bLa Página, _c[1999]. |
||
| 300 |
_a48 p. : _bfot. _a(14 _fVolúmenes) _3Impreso |
||
| 490 | 0 | _aUna historia Argentina : para los que quieren saber de qué se trata | |
| 650 | 4 | _aAUTORITARISMO | |
| 650 | 4 | _aDELITOS | |
| 650 | 4 | _aDICTADURA | |
| 650 | 4 | _aFUERZAS ARMADAS | |
| 650 | 4 | _aSISTEMAS POLITICOS | |
| 650 | 4 | _aUNIVERSIDADES | |
| 651 | 4 | _aArgentina | |
| 653 | _aCORDOBAZO | ||
| 653 | _aGUEVARA, ERNESTO "CHE" | ||
| 653 | _aTERROR | ||
| 700 | 1 | _aMotes, Graciela, rel. | |
| 700 | 1 | _aRomero, Luis Alberto | |
| 905 | _a19795 | ||
| 942 | _cLIB | ||
| 999 |
_c48417 _d48417 |
||